Politics In India Since Independence (Record no. 16404)
[ view plain ]
| 000 -LEADER | |
|---|---|
| fixed length control field | 00535nam a22001937a 4500 |
| 008 - FIXED-LENGTH DATA ELEMENTS--GENERAL INFORMATION | |
| fixed length control field | 260422b |||||||| |||| 00| 0 eng d |
| 020 ## - INTERNATIONAL STANDARD BOOK NUMBER | |
| International Standard Book Number | 978-81-910690-2-0 |
| Price | 330.00 |
| 040 ## - CATALOGING SOURCE | |
| Original Cataloguing agency | Sibsagar Commerce College Central Library |
| 041 ## - LANGUAGE CODE | |
| Language code of text/sound track or separate title | English |
| 082 ## - DEWEY DECIMAL CLASSIFICATION NUMBER | |
| Classification number | 320.95404 |
| Book Number | PAU. |
| 100 ## - MAIN ENTRY--PERSONAL NAME | |
| Personal name | Paul, Kripesh Chandra |
| Dates associated with a name | Paul, Nita |
| 245 ## - TITLE STATEMENT | |
| Title | Politics In India Since Independence |
| Statement of responsibility, etc. | By Kripesh Chandra Paul |
| 250 ## - EDITION STATEMENT | |
| Edition statement | 1st ed. |
| 260 ## - PUBLICATION, DISTRIBUTION, ETC. | |
| Place of publication, distribution, etc. | Guwahati: |
| Name of publisher, distributor, etc. | Arun Prakashan; |
| Date of publication, distribution, etc. | 2025 |
| 300 ## - PHYSICAL DESCRIPTION | |
| Pages | 199p. |
| 650 ## - Subject | |
| Subject | Political Science |
| 942 ## - ADDED ENTRY ELEMENTS (KOHA) | |
| Source of classification or shelving scheme | Dewey Decimal Classification |
| Koha item type | Books |
| Withdrawn status | Lost status | Source of classification or shelving scheme | Damaged status | Not for loan | Collection code | Home library | Current library | Shelving location | Date acquired | Source of acquisition | Total Checkouts | Full call number | Barcode | Date last seen | Copy number | Cost, replacement price | Price effective from | Koha item type |
|---|---|---|---|---|---|---|---|---|---|---|---|---|---|---|---|---|---|---|
| Dewey Decimal Classification | Political Science | Sibsagar Commerce College Central Library | Sibsagar Commerce College Central Library | General Stacks | 22/04/2026 | Kitap Ghar | 320.95404 PAU. | 29311 | 22/04/2026 | 1 | 660.00 | 22/04/2026 | Books | |||||
| Dewey Decimal Classification | Political Science | Sibsagar Commerce College Central Library | Sibsagar Commerce College Central Library | General Stacks | 22/04/2026 | Kitap Ghar | 320.95404 PAU. | 29312 | 22/04/2026 | 2 | 660.00 | 22/04/2026 | Books | |||||
| Dewey Decimal Classification | Political Science | Sibsagar Commerce College Central Library | Sibsagar Commerce College Central Library | General Stacks | 22/04/2026 | Kitap Ghar | 320.95404 PAU. | 29313 | 22/04/2026 | 3 | 660.00 | 22/04/2026 | Books | |||||
| Dewey Decimal Classification | Political Science | Sibsagar Commerce College Central Library | Sibsagar Commerce College Central Library | General Stacks | 22/04/2026 | Kitap Ghar | 320.95404 PAU. | 29314 | 22/04/2026 | 4 | 660.00 | 22/04/2026 | Books |
